[Event "GER-ch Blitz"]
[Site "Magdeburg"]
[Date "2020.08.15"]
[Round "16"]
[White "Braeuning, Rudolf Wilhelm"]
[Black "Siebarth, Raiko"]
[Result "0-1"]
[WhiteElo "2244"]
[BlackElo "2333"]
[PlyCount "60"]
[EventDate "2020.08.15"]
[EventType "tourn (blitz)"]
[EventRounds "29"]
[EventCountry "GER"]
[EventCategory "6"]
[SourceTitle "CBM 197 Extra"]
[Source "ChessBase"]
[SourceDate "2020.09.30"]
[SourceVersion "1"]
[SourceVersionDate "2020.09.30"]
[SourceQuality "1"]

1. e4 c5 2. c3 Nf6 3. e5 Nd5 4. d4 cxd4 5. Nf3 e6 6. cxd4 b6 7. Nc3 Nxc3 8. bxc3 Qc7 9. Bd2 Bb7 10. Bd3 d6 11. 0-0 Nc6 12. Ng5 dxe5 13. Qh5 g6 14. Qh3 0-0-0 15. Qf3 Rd7 16. Qf6 Rg8 17. Nxh7 Bg7 18. Qg5 exd4 19. cxd4 Bxd4 20. Rac1 Rh8 21. Bf4 e5 22. Bg3 Rxh7 23. Be4 Kb8 24. Kh1 Ka8 25. f4 f5 26. fxe5 Bxe5 27. Bxe5 Qxe5 28. h3 Qxe4 29. Kg1 Nd4 30. Qf6 Qxg2# 0-1

[Event "GER-ch Blitz"]
[Site "Magdeburg"]
[Date "2020.08.15"]
[Round "5"]
[White "Reichmann, Hendrik"]
[Black "Siebarth, Raiko"]
[Result "1-0"]
[WhiteElo "2348"]
[BlackElo "2333"]
[PlyCount "75"]
[EventDate "2020.08.15"]
[EventType "tourn (blitz)"]
[EventRounds "29"]
[EventCountry "GER"]
[EventCategory "6"]
[SourceTitle "CBM 197 Extra"]
[Source "ChessBase"]
[SourceDate "2020.09.30"]
[SourceVersion "1"]
[SourceVersionDate "2020.09.30"]
[SourceQuality "1"]

1. d4 Nf6 2. Bf4 d6 3. e3 Nbd7 4. h3 g6 5. Nf3 Bg7 6. Be2 0-0 7. 0-0 a6 8. a4 b6 9. c3 Bb7 10. Bh2 Re8 11. Nbd2 e5 12. b4 Qe7 13. Qb3 h6 14. a5 g5 15. axb6 cxb6 16. c4 g4 17. hxg4 Nxg4 18. Bg3 Ndf6 19. c5 Nh5 20. cxd6 Qxd6 21. Bxe5 Nxe5 22. dxe5 Bxe5 23. Nc4 Qg6 24. Nh4 Qg5 25. Nxe5 Qxe5 26. Bf3 Re7 27. Ng6 Qf6 28. Nxe7+ Qxe7 29. Bxh5 Qg5 30. g4 Rf8 31. e4 Bxe4 32. Qe3 Qd5 33. Rad1 Qc6 34. f3 Bh7 35. Qf4 b5 36. Rd6 Qc2 37. Rxh6 f6 38. Rxf6 1-0

[Event "GER-ch Blitz"]
[Site "Magdeburg"]
[Date "2020.08.15"]
[Round "7"]
[White "Schneider, Ilja"]
[Black "Siebarth, Raiko"]
[Result "0-1"]
[WhiteElo "2479"]
[BlackElo "2333"]
[PlyCount "46"]
[EventDate "2020.08.15"]
[EventType "tourn (blitz)"]
[EventRounds "29"]
[EventCountry "GER"]
[EventCategory "6"]
[SourceTitle "CBM 197 Extra"]
[Source "ChessBase"]
[SourceDate "2020.09.30"]
[SourceVersion "1"]
[SourceVersionDate "2020.09.30"]
[SourceQuality "1"]

1. d4 Nf6 2. Bg5 e6 3. e4 h6 4. Bxf6 Qxf6 5. Nc3 a6 6. g3 g5 7. Bg2 d6 8. Qd2 Bg7 9. 0-0-0 Nc6 10. d5 Ne5 11. f4 gxf4 12. gxf4 Nc4 13. e5 dxe5 14. fxe5 Qxe5 15. Qd3 Qf4+ 16. Kb1 Nxb2 17. Kxb2 Qb4+ 18. Kc1 Bxc3 19. Rf1 Bd7 20. Ne2 Qb2+ 21. Kd1 Qa1+ 22. Nc1 0-0-0 23. Ke2 Bb5 0-1

[Event "Oberliga Ost-B 1920"]
[Site "Germany"]
[Date "2020.01.18"]
[Round "6.2"]
[White "Siebarth, Raiko"]
[Black "Nguyen, Huy Dat"]
[Result "1-0"]
[WhiteElo "2332"]
[BlackElo "2176"]
[PlyCount "119"]
[EventDate "2019.09.29"]
[EventType "team-tourn"]
[EventRounds "11"]
[EventCountry "GER"]
[SourceTitle "EXT 2021"]
[Source "ChessBase"]
[SourceDate "2020.10.23"]
[SourceVersion "1"]
[SourceVersionDate "2020.10.23"]
[SourceQuality "1"]
[WhiteTeam "Stadtilm Blau Weiss"]
[BlackTeam "Erfurt Medizin"]
[WhiteTeamCountry "GER"]
[BlackTeamCountry "GER"]

1. e4 g6 2. Nc3 Bg7 3. g3 d6 4. Bg2 c6 5. Nge2 Bg4 6. h3 Bd7 7. d4 Na6 8. Be3 Qc7 9. Qd2 e5 10. f4 Ne7 11. 0-0 0-0 12. Kh2 Rae8 13. Rad1 exd4 14. Bxd4 Bxd4 15. Qxd4 Nc8 16. f5 b5 17. Qd2 b4 18. Nb1 Kg7 19. a3 bxa3 20. Nxa3 Nc5 21. Nc3 f6 22. Nc4 Nb7 23. fxg6 hxg6 24. Rf4 Be6 25. Qd4 Bxc4 26. Qxc4 Nc5 27. b4 Ne6 28. Rf2 Rf7 29. h4 Nb6 30. Qd3 Nc8 31. Rdf1 Nf8 32. Bh3 Nd7 33. Ne2 Ncb6 34. Nd4 Nf8 35. h5 Nbd7 36. hxg6 Nxg6 37. Nf5+ Kf8 38. Qxd6+ Qxd6 39. Nxd6 Nge5 40. Kg2 Ree7 41. Nxf7 Rxf7 42. Bxd7 Nxd7 43. e5 Nxe5 44. Rxf6 Rxf6 45. Rxf6+ Ke7 46. Rf1 Kd6 47. Ra1 Nc4 48. Kf2 Nb6 49. Rxa7 Nd5 50. Rb7 Nc3 51. Ke3 Ke5 52. Kd3 Nd5 53. c4 Nf6 54. Rg7 Kf5 55. Rf7 Ke5 56. Rxf6 Kxf6 57. b5 cxb5 58. cxb5 Kg5 59. b6 Kg4 60. b7 1-0

[Event "Oberliga Ost-B 1920"]
[Site "Germany"]
[Date "2019.11.16"]
[Round "2.2"]
[White "Grabarczyk, Miroslaw"]
[Black "Siebarth, Raiko"]
[Result "1/2-1/2"]
[WhiteElo "2369"]
[BlackElo "2332"]
[PlyCount "27"]
[EventDate "2019.09.29"]
[EventType "team-tourn"]
[EventRounds "11"]
[EventCountry "GER"]
[SourceTitle "EXT 2021"]
[Source "ChessBase"]
[SourceDate "2020.10.23"]
[SourceVersion "1"]
[SourceVersionDate "2020.10.23"]
[SourceQuality "1"]
[WhiteTeam "Griesheim"]
[BlackTeam "Stadtilm Blau Weiss"]
[WhiteTeamCountry "GER"]
[BlackTeamCountry "GER"]

1. d4 Nf6 2. c4 e6 3. Nf3 b6 4. g3 Ba6 5. b3 Bb4+ 6. Bd2 Be7 7. Bg2 c6 8. Bc3 d5 9. Ne5 Nfd7 10. Nxd7 Nxd7 11. Nd2 f5 12. 0-0 0-0 13. Rc1 Rc8 14. Bb2 1/2-1/2

[Event "Oberliga Ost-B 1819"]
[Site "Germany"]
[Date "2019.02.02"]
[Round "6.2"]
[White "Chandler, Patrick"]
[Black "Siebarth, Raiko"]
[Result "1/2-1/2"]
[WhiteElo "2144"]
[BlackElo "2260"]
[PlyCount "221"]
[EventDate "2018.10.21"]
[EventType "team-tourn"]
[EventRounds "11"]
[EventCountry "GER"]
[SourceTitle "EXT 2020"]
[Source "ChessBase"]
[SourceDate "2019.10.17"]
[SourceVersion "1"]
[SourceVersionDate "2019.10.17"]
[SourceQuality "1"]
[WhiteTeam "Nied Koenig"]
[BlackTeam "Stadtilm Blau Weiss"]
[WhiteTeamCountry "GER"]
[BlackTeamCountry "GER"]

1. e4 c5 2. Bc4 e6 3. Nf3 Nc6 4. Nc3 Nf6 5. d3 Be7 6. 0-0 d6 7. a3 0-0 8. Bd2 a6 9. Ba2 b5 10. Ne2 d5 11. Ng3 Bb7 12. Re1 dxe4 13. dxe4 Nd4 14. Bc3 Nxf3+ 15. Qxf3 b4 16. Be5 Qb6 17. Bc4 Nd7 18. Bf4 Bf6 19. c3 Ne5 20. Qe2 Nxc4 21. Qxc4 bxc3 22. bxc3 Qb5 23. Qxb5 axb5 24. Rec1 Rfd8 25. Be3 Be7 26. Rab1 Ba6 27. Ra1 Rab8 28. Nf1 e5 29. f3 c4 30. Kf2 Rd3 31. Ke2 Rbd8 32. Bb6 R8d7 33. Ba5 g6 34. Bb4 Bg5 35. Rc2 f5 36. exf5 gxf5 37. a4 e4 38. fxe4 fxe4 39. axb5 Bb7 40. Bc5 e3 41. b6 Rf7 42. Ke1 Bh4+ 43. Ng3 Bf6 44. Bb4 Be5 45. Nf1 Rg7 46. Ra5 Bb8 47. Rf5 Rd8 48. Nxe3 Bxh2 49. Rd2 Re8 50. Re2 Bg3+ 51. Kd1 Bc8 52. Rf1 Rg5 53. Rd2 Be6 54. Kc1 Rb5 55. Rd4 Rxb6 56. Re4 Rbb8 57. Ng4 Kg7 58. Nf6 Kg6 59. Nxe8 Rxe8 60. Bc5 Bd7 61. Rxe8 Bxe8 62. Kb2 h5 63. Bd4 Kg5 64. Rf8 Bg6 65. Be3+ Kg4 66. Rc8 Bf7 67. Rc5 Bh4 68. Rc7 Bd5 69. Rg7+ Kf5 70. Bd4 Bg5 71. g3 Bh6 72. Rh7 Kg6 73. Rd7 Be6 74. Rc7 Bf8 75. Bc5 Bg7 76. Bd6 Bf6 77. Rc6 Kf5 78. Ra6 Bd5 79. Ra5 Ke4 80. Ra1 Bg8 81. Rf1 Bg7 82. Be7 Be5 83. Bh4 Be6 84. Kc2 Bh3 85. Re1+ Kf5 86. Kd2 Bg2 87. Ra1 Bd5 88. Ra7 Bf3 89. Ke3 Bd1 90. Ra5 Ke6 91. Ra3 Kf5 92. Ra1 Bc2 93. Ra5 Ke6 94. Ra6+ Kf5 95. Kd2 Bd3 96. Ra5 Ke6 97. Bd8 Bg6 98. Ra6+ Kf5 99. Bh4 Bf7 100. Rc6 Kg4 101. Rc8 Bxg3 102. Bxg3 Kxg3 103. Rf8 Be6 104. Rf6 Bg4 105. Rf1 h4 106. Ke3 h3 107. Rg1+ Kh4 108. Kf2 Be6 109. Re1 Bd5 110. Kg1 Kg3 111. Re2 1/2-1/2

[Event "Oberliga Ost-B 1718"]
[Site "Germany"]
[Date "2017.10.22"]
[Round "1.2"]
[White "Siebarth, Raiko"]
[Black "Langheinrich, Ferenc"]
[Result "1/2-1/2"]
[WhiteElo "2288"]
[BlackElo "2373"]
[PlyCount "98"]
[EventDate "2017.10.22"]
[EventType "team-tourn"]
[EventRounds "11"]
[EventCountry "GER"]
[SourceTitle "EXT 2019"]
[Source "ChessBase"]
[SourceDate "2018.10.10"]
[SourceVersion "1"]
[SourceVersionDate "2018.10.10"]
[SourceQuality "1"]
[WhiteTeam "Stadtilm Blau Weiss"]
[BlackTeam "Erfurt Empor"]
[WhiteTeamCountry "GER"]
[BlackTeamCountry "GER"]

1. e4 c6 2. d4 d5 3. e5 Bf5 4. Nf3 e6 5. Be2 Nd7 6. 0-0 Bg6 7. a4 Rc8 8. Na3 Ne7 9. c4 dxc4 10. Nxc4 Nd5 11. Bg5 Qc7 12. a5 h6 13. Be3 Be7 14. Bd3 Bxd3 15. Qxd3 0-0 16. Nfd2 b5 17. axb6 N7xb6 18. Ne4 Nxc4 19. Qxc4 Rb8 20. Rfc1 Rfc8 21. Qa2 Rb7 22. Bd2 Qd7 23. g3 Kh7 24. Rc2 f5 25. exf6 gxf6 26. Qc4 f5 27. Nc5 Bxc5 28. Qxc5 Kg6 29. Re1 h5 30. h4 Kf7 31. Bg5 Rb5 32. Qc4 Kg6 33. Rce2 Re8 34. Qd3 a5 35. Bc1 Nf6 36. Qd2 Kf7 37. Qh6 Qxd4 38. Be3 Qd8 39. Bg5 e5 40. Bxf6 Qxf6 41. Qxh5+ Qg6 42. Qf3 Rd5 43. Qb3 e4 44. Rc1 f4 45. Kh2 Kf8 46. Qa3+ Re7 47. Qc3 Rd3 48. Qxc6 fxg3+ 49. Kg2 Qxc6 1/2-1/2

[Event "Korbach op 8th"]
[Site "Korbach"]
[Date "2016.10.23"]
[Round "7"]
[White "Siebarth, Raiko"]
[Black "Noe, Christopher"]
[Result "1/2-1/2"]
[WhiteElo "2236"]
[BlackElo "2423"]
[PlyCount "60"]
[EventDate "2016.10.20"]
[EventType "swiss"]
[EventRounds "7"]
[EventCountry "GER"]
[SourceTitle "CBM 175 Extra"]
[Source "ChessBase"]
[SourceDate "2016.12.12"]
[SourceVersion "1"]
[SourceVersionDate "2016.12.12"]
[SourceQuality "1"]

1. e4 e5 2. Nf3 Nc6 3. Bc4 Bc5 4. c3 Nf6 5. d4 exd4 6. cxd4 Bb4+ 7. Bd2 Bxd2+ 8. Nbxd2 d5 9. exd5 Nxd5 10. Qb3 Nce7 11. 0-0 0-0 12. Rfe1 Nb6 13. Ne5 Nxc4 14. Ndxc4 Nf5 15. Rad1 Nxd4 16. Nxf7 Nxb3 17. Nxd8 Bg4 18. Rd3 Raxd8 19. Rxb3 Be6 20. Rc3 c5 21. f3 Rf6 22. Kf2 b6 23. a3 Rd4 24. Ne5 Bf5 25. Re2 h5 26. Ke1 Rfd6 27. Nc4 Rd7 28. Ne5 R7d6 29. Nc4 Rd7 30. Ne5 R7d6 1/2-1/2

[Event "Korbach op 8th"]
[Site "Korbach"]
[Date "2016.10.22"]
[Round "5"]
[White "Siebarth, Raiko"]
[Black "Tiba, Vladyslav"]
[Result "1-0"]
[WhiteElo "2236"]
[BlackElo "2268"]
[PlyCount "79"]
[EventDate "2016.10.20"]
[EventType "swiss"]
[EventRounds "7"]
[EventCountry "GER"]
[SourceTitle "CBM 175 Extra"]
[Source "ChessBase"]
[SourceDate "2016.12.12"]
[SourceVersion "1"]
[SourceVersionDate "2016.12.12"]
[SourceQuality "1"]

1. e4 c5 2. Nc3 Nc6 3. Nge2 g6 4. g3 Bg7 5. Bg2 d6 6. d3 e6 7. h4 h5 8. Bg5 Qa5 9. 0-0 Nf6 10. d4 0-0 11. d5 Nd4 12. Nxd4 cxd4 13. Qxd4 Nxd5 14. Qa4 Qxa4 15. Nxa4 Nb4 16. c3 Bd7 17. cxb4 Bxa4 18. Be7 Rfc8 19. Bxd6 Bxb2 20. Rab1 Rc2 21. e5 Bd4 22. Bxb7 Rd8 23. b5 Rxa2 24. Rb4 Bb6 25. Be4 Rc8 26. Bb1 Ra3 27. Kg2 Bc5 28. Rc1 Bxb4 29. Rxc8+ Kh7 30. Bxb4 Rb3 31. Be7 Rxb1 32. Bf6 g5 33. g4 Bd1 34. Rh8+ Kg6 35. Rg8+ Kh7 36. Rg7+ Kh8 37. Rxg5+ Kh7 38. Rxh5+ Kg6 39. Rg5+ Kh6 40. Rg8 1-0

[Event "Korbach op 8th"]
[Site "Korbach"]
[Date "2016.10.21"]
[Round "3"]
[White "Pap, Misa"]
[Black "Siebarth, Raiko"]
[Result "1/2-1/2"]
[WhiteElo "2489"]
[BlackElo "2236"]
[PlyCount "43"]
[EventDate "2016.10.20"]
[EventType "swiss"]
[EventRounds "7"]
[EventCountry "GER"]
[SourceTitle "CBM 175 Extra"]
[Source "ChessBase"]
[SourceDate "2016.12.12"]
[SourceVersion "1"]
[SourceVersionDate "2016.12.12"]
[SourceQuality "1"]

1. e4 c5 2. c3 Nf6 3. e5 Nd5 4. Nf3 e6 5. d4 cxd4 6. cxd4 b6 7. Bd3 Bb7 8. 0-0 h6 9. Nc3 Nxc3 10. bxc3 Qc7 11. Bd2 d6 12. Re1 Nd7 13. a4 dxe5 14. Nxe5 Nxe5 15. Rxe5 Bd6 16. Bb5+ Bc6 17. Qf3 Rc8 18. Rh5 0-0 19. Qg4 f5 20. Qe2 Rf6 21. Rh3 Bd5 22. Qh5 1/2-1/2

[Event "Korbach op 8th"]
[Site "Korbach"]
[Date "2016.10.21"]
[Round "2"]
[White "Werner, Martin"]
[Black "Siebarth, Raiko"]
[Result "0-1"]
[WhiteElo "2029"]
[BlackElo "2236"]
[PlyCount "58"]
[EventDate "2016.10.20"]
[EventType "swiss"]
[EventRounds "7"]
[EventCountry "GER"]
[SourceTitle "CBM 175 Extra"]
[Source "ChessBase"]
[SourceDate "2016.12.12"]
[SourceVersion "1"]
[SourceVersionDate "2016.12.12"]
[SourceQuality "1"]

1. d4 Nf6 2. Bg5 e6 3. e4 h6 4. Bxf6 Qxf6 5. c3 d6 6. Bd3 Qg5 7. Nf3 Qxg2 8. Rg1 Qh3 9. Nbd2 g5 10. Be2 e5 11. dxe5 Nc6 12. Rg3 Qe6 13. Bc4 Qg6 14. Qb3 dxe5 15. Bd5 Bd6 16. 0-0-0 0-0 17. h4 g4 18. Nh2 h5 19. f3 Ne7 20. Bc4 Qf6 21. Rdg1 Bc5 22. R1g2 Ng6 23. fxg4 Nf4 24. gxh5+ Kh8 25. Rf3 Qxh4 26. Rxf4 Qxf4 27. Nhf3 Be3 28. Qd1 Bg4 29. Be2 Rad8 0-1

[Event "Berlin Lichtenberger op 13th"]
[Site "Berlin"]
[Date "2014.08.23"]
[Round "8"]
[White "Siebarth, Raiko"]
[Black "Muse, Drazen"]
[Result "0-1"]
[WhiteElo "2252"]
[BlackElo "2396"]
[PlyCount "80"]
[EventDate "2014.08.16"]
[EventType "swiss"]
[EventRounds "9"]
[EventCountry "GER"]
[SourceTitle "CBM 161 Extra"]
[Source "ChessBase"]
[SourceDate "2014.08.29"]
[SourceVersion "1"]
[SourceVersionDate "2014.08.29"]
[SourceQuality "1"]

1. e4 c5 2. Nc3 Nc6 3. g3 g6 4. Bg2 Bg7 5. Nge2 Rb8 6. a4 a6 7. 0-0 d6 8. f4 Nf6 9. h3 0-0 10. d3 Bd7 11. Be3 b5 12. axb5 axb5 13. Qd2 b4 14. Nd1 Qc7 15. Nf2 Ne8 16. e5 dxe5 17. Bxc5 Nd6 18. Rab1 Nd4 19. Bxd6 Nxe2+ 20. Qxe2 exd6 21. Ng4 Rbc8 22. fxe5 dxe5 23. Ne3 e4 24. Rf4 exd3 25. cxd3 Be6 26. Kh1 Qd6 27. d4 Bh6 28. Rh4 Bg5 29. Re4 Qxg3 30. Nf1 Qd6 31. Rd1 Bb3 32. Re1 Rc2 33. Qd3 Rxb2 34. Rg4 Bf6 35. Ne3 Be6 36. Nf5 Bxf5 37. Qxf5 Rd2 38. Rf1 Bg7 39. Qd5 Qxd5 40. Bxd5 Rxd4 0-1

[Event "Berlin Lichtenberger op 13th"]
[Site "Berlin"]
[Date "2014.08.18"]
[Round "3"]
[White "Schmidt, Markus1111"]
[Black "Siebarth, Raiko"]
[Result "1/2-1/2"]
[WhiteElo "2097"]
[BlackElo "2252"]
[PlyCount "91"]
[EventDate "2014.08.16"]
[EventType "swiss"]
[EventRounds "9"]
[EventCountry "GER"]
[SourceTitle "CBM 161 Extra"]
[Source "ChessBase"]
[SourceDate "2014.08.29"]
[SourceVersion "1"]
[SourceVersionDate "2014.08.29"]
[SourceQuality "1"]

1. e4 c5 2. Nc3 e6 3. Nge2 Nc6 4. g3 Nf6 5. Bg2 Be7 6. 0-0 0-0 7. d4 cxd4 8. Nxd4 Nxd4 9. Qxd4 d6 10. h3 Bd7 11. a4 Bc6 12. Be3 a6 13. a5 Rc8 14. Rfd1 Nd7 15. Qd2 Qe8 16. f4 Kh8 17. g4 f5 18. exf5 exf5 19. g5 Nc5 20. Bxc5 dxc5 21. Nd5 Bd6 22. c4 Qh5 23. Qf2 Rfe8 24. Re1 Bxd5 25. cxd5 c4 26. Kh2 Qxg5 27. Rf1 Qh6 28. Kh1 Bc5 29. Qc2 Qh5 30. Rae1 Rf8 31. Re6 Bb4 32. Qa4 Bc5 33. Qxc4 Qf7 34. Qe2 Qc7 35. Qe5 Qxa5 36. d6 Qb4 37. d7 Rcd8 38. Rd1 Qa4 39. Qd5 b6 40. Qd2 h6 41. Kh2 Kh7 42. Bc6 Qc4 43. Bd5 Qa4 44. Bc6 Qc4 45. Bd5 Qa4 46. Bc6 1/2-1/2

[Event "GER-ch Net final U25"]
[Site "Playchess.com INT"]
[Date "2012.09.15"]
[Round "4"]
[White "Moeller, Hendrik"]
[Black "Siebarth, Raiko"]
[Result "0-1"]
[WhiteElo "2242"]
[BlackElo "2218"]
[PlyCount "172"]
[EventDate "2012.09.15"]
[EventType "swiss (blitz)"]
[EventRounds "9"]
[EventCountry "GER"]
[SourceTitle "CBM 150 Extra"]
[Source "ChessBase"]
[SourceDate "2012.10.19"]
[SourceVersion "1"]
[SourceVersionDate "2012.10.19"]
[SourceQuality "1"]

1. c4 Nf6 2. g3 g6 3. Bg2 Bg7 4. Nc3 0-0 5. e4 d6 6. Nge2 e5 7. 0-0 Nc6 8. d3 Be6 9. Nd5 Qd7 10. Bg5 Ne8 11. Qd2 f6 12. Be3 Bh3 13. Rad1 Bxg2 14. Kxg2 f5 15. exf5 Qxf5 16. f3 Rf7 17. b4 Nd8 18. Ndc3 Qd7 19. d4 Nc6 20. a3 exd4 21. Nxd4 Ne5 22. Qa2 Nf6 23. Bg5 Re8 24. Bxf6 Bxf6 25. Ne4 Kg7 26. Ne2 Ng4 27. Rd3 Qf5 28. Nf4 Be5 29. Nd5 Nh6 30. Qd2 Qd7 31. Ne3 Kg8 32. Nd5 Nf5 33. Ne3 Nxe3+ 34. Rxe3 Ref8 35. Rd3 Bg7 36. Nc5 Qc8 37. Ne4 Qf5 38. Rd5 Qc8 39. Qd3 Qe8 40. Rf2 h6 41. c5 dxc5 42. Nxc5 c6 43. Rd7 Rxd7 44. Nxd7 Qf7 45. Nc5 b6 46. Ne4 Kh7 47. Qd6 Qe8 48. Qc7 Rf7 49. Qd6 Qd7 50. Qxd7 Rxd7 51. Rc2 Rc7 52. Rc4 Bb2 53. a4 Kg7 54. b5 c5 55. Rc2 Bd4 56. Kf1 Kf7 57. Ke2 Ke6 58. Kd3 Kd5 59. Re2 c4+ 60. Kc2 Rf7 61. f4 a6 62. Nd2 axb5 63. axb5 Kc5 64. Nf3 Bf6 65. Ne5 Ra7 66. Nxg6 Ra2+ 67. Kd1 Ra1+ 68. Kd2 Kxb5 69. Ke3 Kc5 70. Nf8 Kb4 71. Nd7 Bc3 72. Ke4 b5 73. Nb6 Kb3 74. Nd5 Bg7 75. Nc7 b4 76. g4 c3 77. Nb5 c2 78. Re3+ Ka4 79. Nc7 c1Q 80. Nd5 Qc4+ 81. Kf5 Qxd5+ 82. Kg6 Bd4 83. Re8 Qc6+ 84. Kf7 Rf1 85. f5 Qf6+ 86. Kg8 Qg7# 0-1

[Event "GER-ch Net final U25"]
[Site "Playchess.com INT"]
[Date "2012.09.15"]
[Round "6"]
[White "Siebarth, Raiko"]
[Black "Richters, Marc"]
[Result "1-0"]
[WhiteElo "2218"]
[BlackElo "2028"]
[PlyCount "77"]
[EventDate "2012.09.15"]
[EventType "swiss (blitz)"]
[EventRounds "9"]
[EventCountry "GER"]
[SourceTitle "CBM 150 Extra"]
[Source "ChessBase"]
[SourceDate "2012.10.19"]
[SourceVersion "1"]
[SourceVersionDate "2012.10.19"]
[SourceQuality "1"]

1. e4 c5 2. Nc3 Nc6 3. Bb5 e5 4. Bxc6 bxc6 5. d3 d5 6. Nf3 Bd6 7. exd5 cxd5 8. Nxd5 Bb7 9. Ne3 Ne7 10. 0-0 0-0 11. Nc4 Bc7 12. Be3 Qd5 13. Qe2 f6 14. Ncd2 Nf5 15. Ne4 Nd4 16. Bxd4 exd4 17. b3 Rae8 18. Qd2 f5 19. Ng3 Re6 20. Rae1 Rg6 21. c4 dxc3 22. Qxc3 h5 23. Qc4 h4 24. Nxh4 Rg4 25. Qxd5+ Bxd5 26. Nf3 f4 27. Ne4 Bb6 28. h3 Rg6 29. Ne5 Re6 30. Nc3 Ba8 31. Nc4 Rxe1 32. Rxe1 f3 33. g3 Rd8 34. Re3 Bc7 35. Ne4 Bxe4 36. dxe4 Rd1+ 37. Kh2 Ra1 38. a4 Rb1 39. Rxf3 1-0